000 01337nam a22003134a 4500
001 ebr10086779
003 CaPaEBR
006 m u
007 cr cn|||||||||
008 000106s2000 enka sb 001 0 eng
020 _z019511275X (alk. paper)
040 _aCaPaEBR
_cCaPaEBR
035 _a(OCoLC)191817989
043 _an-us---
050 1 4 _aHD4904.25
_b.F754 2000eb
082 0 4 _a306.3/6/0973
_221
100 1 _aFriedman, Stewart D.
245 1 0 _aWork and family--allies or enemies?
_h[electronic resource] :
_bwhat happens when business professionals confront life choices /
_cStewart D. Friedman, Jeffrey H. Greenhaus.
260 _aOxford ;
_aNew York :
_bOxford University Press,
_c2000.
300 _axv, 271 p. :
_bill.
504 _aIncludes bibliographical references (p. [247]-255) and index.
533 _aElectronic reproduction.
_bPalo Alto, Calif. :
_cebrary,
_d2013.
_nAvailable via World Wide Web.
_nAccess may be limited to ebrary affiliated libraries.
650 0 _aWork and family
_zUnited States.
650 0 _aIndustries
_xSocial aspects
_zUnited States.
655 7 _aElectronic books.
_2local
700 1 _aGreenhaus, Jeffrey H.
710 2 _aebrary, Inc.
856 4 0 _uhttp://site.ebrary.com/lib/rucke/Doc?id=10086779
_zAn electronic book accessible through the World Wide Web; click to view
999 _c50991
_d50991